| 000 | 00904cam a2200145ua 4500 | ||
|---|---|---|---|
| 041 |
_aeng _h |
||
| 082 |
_a690.28 _bIND/SP |
||
| 110 | 1 |
_aIndian standards institution . _bISI _c() |
|
| 245 |
_aSpecification for metal rolling shutters and rolling grills,IS:6248-1979 / _cIndian standards institution. _hTextual Documents |
||
| 260 |
_a : _bISI , _c1987. |
||
| 300 | _a22 ; . | ||
| 504 | _a | ||
| 942 | _cBK | ||
| 999 |
_c4180 _d4180 |
||